| 000 | 00353cam a22001337a 4500 | ||
|---|---|---|---|
| 008 | 180718b1959 xxu||||| |||| 00| 0 eng d | ||
| 082 | _aA99 K527 | ||
| 100 | _aKhan, Sadath Ali | ||
| 245 |
_aBrief thanksgiving _cby Sadath Ali Khan |
||
| 260 |
_aBombay _bAsia Pub. House _c1959 |
||
| 300 | _a120p. | ||
| 500 | _aRs.7.50 | ||
| 650 | _aKhan, Sadath Ali, 1916 | ||
| 999 |
_c369134 _d369134 |
||